000 00630nam a2200253Ia 4500
008 181129s9999 xx 000 0 und d
020 _a9780590406192
050 _bW583 2005
100 _aWhite, E. B.
245 0 _aTrumpet of the swan /
245 0 _cby E. B. White ; pictures by Edward Frascino.
260 _aNew York, NY :
260 _bScholastic,
260 _c2005
300 _a210 pages :
300 _billustrations ;
300 _c19cm.
650 _aChildren's stories.
650 _aFantasy.
650 _aSwans.
650 _aTrumpeter swan.
700 _aFrascino, Edward.
700 _aTitle.
999 _c360320
_d360320